00449nam a2200157Ia 450000500170000000800410001702000150005808200150007310000150008824500840010326000450018730000170023265000130024965000130026265000160027520240729031640.0240331s9999 xx 000 0 und d a0195624955 a303.4bSPE aSpencer, J 2aA sinhala village in a Time of touble :bpolitics and change in rural Sri Lanka aNew DelhibOxford University Pressc1990 axi, 285 p ., aPolitics aBuddhism aNationalism